Statistics for Guess the flag 2

Click here to take the quiz!

General Stats

  • This quiz has been taken 12 times
  • The average score is 7 of 8

Answer Stats

Answer% Correct
Australia
100%
India
100%
South Korea
100%
Turkey
92%
Egypt
83%
Mexico
83%
Algeria
67%
Greenland
42%

Score Distribution

Percentile by Number Answered

Percent of People with Each Score

Your Score History

You have not taken this quiz